[Event "Mechanics' Peter Grey TNM; 30/90, SD/30"]
[Site "San Francisco"]
[Date "2010.08.03"]
[Round "1.20"]
[White "Todortsev, Victor"]
[Black "Sinick, Jeff"]
[Result "0-1"]
[WhiteElo "1924"]
[BlackElo "1249"]
[PlyCount "80"]
[EventDate "2010.??.??"]

1. e4 d5 2. exd5 Qxd5 3. Nc3 Qa5 4. d4 Nf6 5. Nf3 Bg4 6. Bb5+ c6 7. Bd3 e6 8.
O-O Bd6 9. h3 Bh5 10. a3 Nbd7 11. Be3 Nd5 12. Ne4 Be7 13. Bd2 Qc7 14. c4 Nf4
15. Bc2 Nf6 16. Ng3 Bg6 17. Ne5 N6h5 18. Nxh5 Nxh5 19. Nxg6 hxg6 20. Qg4 O-O-O
21. Be3 Bd6 22. d5 Nf6 23. Qd4 c5 24. Qd1 Bf4 25. Qf3 Bxe3 26. fxe3 exd5 27.
cxd5 Rxd5 28. Rad1 Re5 29. e4 Rhe8 30. Rc1 Kb8 31. Bd3 R8e7 32. b4 Nxe4 33.
Bxe4 Rxe4 34. Rxc5 Qd7 35. Qg3+ Ka8 36. Qc3 a6 37. Qxg7 Re1 38. Rc1 Rxc1 39.
Rxc1 Qd2 40. Qc3 $4 (40. Qf8+ Ka7 41. Qxe7 Qxc1+ $11) 40... Re1+ 0-1

[Event "Mechanics' Peter Grey TNM; 30/90, SD/30"]
[Site "San Francisco"]
[Date "2010.09.07"]
[Round "6.6"]
[White "Todortsev, Victor"]
[Black "Thornally, Frank"]
[Result "1-0"]
[WhiteElo "1924"]
[BlackElo "2200"]
[PlyCount "122"]
[EventDate "2010.??.??"]

1. d4 d5 2. c4 c6 3. Nc3 dxc4 4. e3 b5 5. a4 b4 6. Ne4 Qd5 7. Ng3 Nf6 8. Qc2
Ba6 9. Nf3 b3 10. Qc3 Nbd7 11. Bd2 e6 12. Rc1 Nb6 13. Ra1 h5 14. h4 Bd6 15. Ng5
Bxg3 16. fxg3 Ne4 17. Nxe4 Qxe4 18. Qa5 Bb7 19. Qg5 Nd5 20. Bxc4 f6 21. Bxd5
exd5 22. Qxg7 O-O-O 23. O-O Rhg8 24. Qxf6 Rxg3 25. Qf5+ Qxf5 26. Rxf5 Rdg8 27.
Rf2 Ba6 28. Re1 Bd3 29. Bb4 Be4 30. Ree2 Kd7 31. Rf7+ Ke8 32. Rff2 R3g4 33. Bd6
Rxh4 34. Rf4 Rhg4 35. Rxg4 Rxg4 36. Kh2 Kd7 37. Be5 Kc8 38. Rf2 Kb7 39. g3 Kb6
40. Rf7 Rg8 41. Bc7+ Kb7 42. Bd6+ Ka8 43. Kh3 h4 44. Kxh4 Rh8+ 45. Kg5 Rh2 46.
Rf8+ Kb7 47. Rb8+ Ka6 48. Rxb3 Ka5 49. Rb7 Kxa4 50. Rxa7+ Kb5 51. b3 Re2 52.
Bf4 c5 53. dxc5 Kxc5 54. Rc7+ Kb4 55. Rb7+ Kc3 56. Kf6 Kd3 57. Ke5 Rb2 58. g4
Kc3 59. g5 Rxb3 60. Rxb3+ Kxb3 61. Kf6 Kc4 1-0

[Event "Mechanics' Peter Grey TNM; 30/90, SD/30"]
[Site "San Francisco"]
[Date "2010.08.17"]
[Round "3.7"]
[White "Traub, Igor"]
[Black "Kleiman, Charles"]
[Result "1-0"]
[WhiteElo "2124"]
[BlackElo "1851"]
[PlyCount "88"]
[EventDate "2010.??.??"]

1. e4 c5 2. Nf3 Nc6 3. d3 d6 4. g3 e5 5. Bg2 Nf6 6. h3 Be7 7. O-O h6 8. Nbd2
Be6 9. c3 Qd7 10. Kh2 O-O 11. Qe2 Rad8 12. c4 Nh7 13. Nb1 f5 14. exf5 Rxf5 15.
Be3 Rdf8 16. Nc3 Bd8 17. a3 Qf7 18. Nd2 Bg5 19. Nde4 Qe7 20. Nxg5 Nxg5 21. f4
exf4 22. Bxf4 Nd4 23. Qd1 b6 24. Ne2 Nxe2 25. Qxe2 Qd7 26. h4 Nf7 27. Rae1 Rf6
28. b4 cxb4 29. axb4 a5 30. bxa5 bxa5 31. Ra1 a4 32. Rfb1 g5 33. Rb7 Qc8 34.
hxg5 hxg5 35. Be3 Bg4 36. Qb2 Rh6+ 37. Kg1 Bd7 38. Rf1 Bc6 39. Rfxf7 Rxf7 40.
Rb8 Qxb8 41. Qxb8+ Rf8 42. Qa7 Ra8 43. Qe7 Bxg2 44. Qxg5+ Kh7 1-0

[Event "Mechanics' Peter Grey TNM; 30/90, SD/30"]
[Site "San Francisco"]
[Date "2010.08.03"]
[Round "1.8"]
[White "Traub, Igor"]
[Black "MacIntyre, Brendan"]
[Result "1-0"]
[WhiteElo "2124"]
[BlackElo "1676"]
[PlyCount "97"]
[EventDate "2010.??.??"]

1. Nf3 d5 2. g3 g6 3. Bg2 Bg7 4. d3 Nf6 5. Nbd2 c5 6. e4 dxe4 7. dxe4 Nc6 8.
O-O O-O 9. h3 e5 10. Re1 Qc7 11. c3 b6 12. Nc4 Rd8 13. Qa4 Bd7 14. Qc2 Rac8 15.
Bg5 h6 16. Bxf6 Bxf6 17. Ne3 Be6 18. Rad1 Bg7 19. Nd5 Qb7 20. Nh4 Ne7 21. Ne3
Qc7 22. b3 b5 23. a4 a6 24. Ra1 b4 25. Bf1 a5 26. Ba6 Ra8 27. Bf1 Rac8 28. Red1
Kf8 29. Kg2 Nc6 30. Ba6 Ra8 31. Bc4 Qc8 32. Rxd8+ Nxd8 33. Bxe6 Qxe6 34. cxb4
cxb4 35. Rc1 Bf6 36. Nf3 Be7 37. Nd5 Bd6 38. g4 Kg7 39. Qc4 Ra7 40. Qb5 Qd7 41.
Qxd7 Rxd7 42. Nb6 Rb7 43. Nc4 Rc7 44. Rd1 Be7 45. Nfxe5 Rc5 46. Rd7 Bh4 47. f4
Kf8 48. Rxd8+ Bxd8 49. Nd7+ 1-0

[Event "Mechanics' Peter Grey TNM; 30/90, SD/30"]
[Site "San Francisco"]
[Date "2010.09.28"]
[Round "9.3"]
[White "Traub, Igor"]
[Black "Perepelitsky, Edward"]
[Result "1-0"]
[WhiteElo "2124"]
[BlackElo "2109"]
[PlyCount "92"]
[EventDate "2010.??.??"]

1. Nf3 Nf6 2. g3 g6 3. d3 Bg7 4. e4 d6 5. Bg2 O-O 6. O-O c5 7. h3 Nc6 8. Nc3
Ne8 9. Nd5 e6 10. Ne3 Nc7 11. Qe2 d5 12. c3 d4 13. Ng4 dxc3 14. bxc3 Nb5 15.
Bh6 f5 16. Bxg7 fxg4 17. Bxf8 gxf3 18. Bxf3 Qxf8 19. Rac1 Nbd4 20. cxd4 Nxd4
21. Qe3 Nxf3+ 22. Kg2 Nd4 23. Qg5 b6 24. f4 Ba6 25. Rcd1 Qg7 26. h4 Rf8 27. h5
gxh5 28. Qxh5 Rf6 29. Qe8+ Rf8 30. Qh5 h6 31. Rf2 Rf6 32. g4 Rg6 33. Kh3 Bb5
34. Qh4 e5 35. f5 Rg5 36. f6 Qf7 37. Qxh6 Ne6 38. Rf5 Rg6 39. Qh4 Nf4+ 40. Kg3
Bd7 41. Rh1 Kf8 42. Qh8+ Qg8 43. Qxg8+ Rxg8 44. f7 Bxf5 45. fxg8=Q+ Kxg8 46.
exf5 Nxd3 1-0

[Event "Mechanics' Peter Grey TNM; 30/90, SD/30"]
[Site "San Francisco"]
[Date "2010.09.14"]
[Round "7.6"]
[White "Traub, Igor"]
[Black "Todortsev, Victor"]
[Result "1/2-1/2"]
[WhiteElo "2124"]
[BlackElo "1924"]
[PlyCount "49"]
[EventDate "2010.??.??"]

1. Nf3 Nf6 2. g3 d5 3. d3 Nc6 4. Nbd2 e5 5. e4 dxe4 6. dxe4 Bc5 7. Bg2 O-O 8.
h3 h6 9. O-O Be6 10. c3 a5 11. Qe2 Nh5 12. Kh2 Qf6 13. Nc4 Bxc4 14. Qxc4 Bb6
15. Qe2 Rad8 16. Nh4 Nf4 17. gxf4 Qxh4 18. f5 Rd6 19. f4 Rfd8 20. fxe5 Nxe5 21.
Bf4 f6 22. Bg3 Qg5 23. Bf4 Qh4 24. Bg3 Qg5 25. Bf4 1/2-1/2

[Event "Mechanics' Peter Grey TNM; 30/90, SD/30"]
[Site "San Francisco"]
[Date "2010.08.17"]
[Round "3.13"]
[White "Urquhart, Joe"]
[Black "Dembling, Arthur"]
[Result "1/2-1/2"]
[WhiteElo "2028"]
[BlackElo "1738"]
[PlyCount "110"]
[EventDate "2010.??.??"]

1. d4 Nf6 2. Nf3 e6 3. c4 b6 4. a3 Bb7 5. Nc3 Be7 6. Qc2 d5 7. cxd5 exd5 8. Nb5
c6 9. Nc3 O-O 10. e3 Nbd7 11. Bd3 c5 12. O-O Rc8 13. Rd1 cxd4 14. Nxd4 Nc5 15.
Bf5 Rb8 16. e4 Ncxe4 17. Bxe4 Nxe4 18. Nxe4 dxe4 19. Bf4 Rc8 20. Qa4 a6 21. Nf5
Qe8 22. Qd4 Bf6 23. Qxb6 Qc6 24. Rd6 Qxb6 25. Rxb6 Ba8 26. Rxf6 gxf6 27. Ne7+
Kg7 28. Nxc8 Rxc8 29. Rc1 Rd8 30. Kf1 Rd3 31. Be3 Bd5 32. Ke2 a5 33. Rc3 Rxc3
34. bxc3 a4 35. Bc5 f5 36. g3 Kf6 37. Ke3 Ke5 38. Bd4+ Ke6 39. Kf4 f6 40. g4
fxg4 41. Kxg4 e3 42. fxe3 Be4 43. Kf4 f5 44. Kg5 Kf7 45. Kh6 Kg8 46. c4 Bd3 47.
Kg5 Bxc4 48. Kxf5 Bd3+ 49. e4 Kf7 50. h4 h5 51. Be5 Bc2 52. Bf4 Bd3 53. Ke5 Bc4
54. Kd4 Bb3 55. Kc3 Ke6 1/2-1/2

[Event "Mechanics' Peter Grey TNM; 30/90, SD/30"]
[Site "San Francisco"]
[Date "2010.08.24"]
[Round "4.12"]
[White "Urquhart, Joe"]
[Black "Litowsky, Daniel"]
[Result "1-0"]
[WhiteElo "2028"]
[BlackElo "1700"]
[PlyCount "55"]
[EventDate "2010.??.??"]

1. d4 d5 2. Nf3 Nf6 3. c4 c6 4. Nc3 Nbd7 5. cxd5 cxd5 6. Bf4 a6 7. Rc1 e6 8. e3
Bb4 9. Bd3 O-O 10. O-O Re8 11. a3 Be7 12. Na4 Rf8 13. Qc2 b5 14. Bc7 Qe8 15.
Qc6 Ra7 16. Nb6 Nxb6 17. Qxe8 Rxe8 18. Bxb6 Rb7 19. Ba5 Bd6 20. Rc6 Rd7 21.
Rfc1 Bb7 22. R6c2 g6 23. h3 h6 24. Bc7 Ree7 25. Bxd6 Rxd6 26. Ne5 Kg7 27. Rc7
Rxc7 28. Rxc7 1-0

[Event "Mechanics' Peter Grey TNM; 30/90, SD/30"]
[Site "San Francisco"]
[Date "2010.08.03"]
[Round "1.14"]
[White "Urquhart, Joe"]
[Black "Olson, David"]
[Result "1-0"]
[WhiteElo "2028"]
[BlackElo "1420"]
[PlyCount "27"]
[EventDate "2010.??.??"]

1. d4 d5 2. Nf3 Nf6 3. c4 e6 4. Nc3 Bb4 5. Qa4+ Nc6 6. e3 Ne4 7. Qc2 O-O 8. Bd3
f5 9. O-O Be7 10. a3 b6 11. cxd5 exd5 12. Nxd5 Qxd5 13. Bc4 Qxc4 14. Qxc4+ 1-0

[Event "Mechanics' Peter Grey TNM; 30/90, SD/30"]
[Site "San Francisco"]
[Date "2010.09.14"]
[Round "7.8"]
[White "Wang, Yuan"]
[Black "Goins, Demetrius"]
[Result "1/2-1/2"]
[WhiteElo "1909"]
[BlackElo "2035"]
[PlyCount "52"]
[EventDate "2010.??.??"]

1. e4 c5 2. Nc3 Nc6 3. f4 d6 4. Nf3 Bg4 5. Bb5 g6 6. Bxc6+ bxc6 7. d3 Bg7 8.
O-O e6 9. Qe1 Bxf3 10. Rxf3 Ne7 11. Bd2 (11. f5 $1) 11... Rb8 12. b3 O-O 13.
Qe2 Qd7 14. Re1 f5 15. e5 dxe5 16. fxe5 Nd5 17. Na4 Qe7 18. Qf2 Nb4 19. Bxb4
cxb4 20. Qc5 Kf7 21. Rf4 Rfd8 22. Rc4 Rb5 23. Qxc6 Rxe5 24. Rxe5 Bxe5 25. Nc5
$4 Rd4 $4 (25... Bd4+ 26. Kf1 Rd5 27. Na6 Qh4) 26. Na6 $2 Bxh2+ (26... Qg5)
1/2-1/2

[Event "Mechanics' Peter Grey TNM; 30/90, SD/30"]
[Site "San Francisco"]
[Date "2010.09.28"]
[Round "9.9"]
[White "Wang, Yuan"]
[Black "Grey, Peter"]
[Result "1-0"]
[WhiteElo "1909"]
[BlackElo "2017"]
[PlyCount "91"]
[EventDate "2010.??.??"]

1. e4 e5 2. Nf3 Nc6 3. Bb5 a6 4. Ba4 Nf6 5. O-O Nxe4 6. d4 b5 7. Bb3 d5 8. dxe5
Be6 9. c3 Bc5 10. Nbd2 O-O 11. Qe2 Bf5 12. a4 b4 13. Nxe4 dxe4 14. Ng5 Nxe5 15.
Nxe4 Qd3 16. Qxd3 Nxd3 17. Nxc5 Nxc5 18. Bc4 Bd3 19. Bxd3 Nxd3 20. Be3 c5 21.
cxb4 cxb4 22. Rfd1 Nxb2 23. Rd4 Rac8 24. Rxb4 Nc4 25. Bf4 Rc6 26. h3 f6 27. Re1
Nb6 28. Rd4 Rc4 29. Rxc4 Nxc4 30. Re6 Ra8 31. Kf1 Kf7 32. Rc6 Nb2 33. a5 Nd3
34. Be3 Ne5 35. Rc7+ Kg6 36. Ke2 Rb8 37. Bb6 Re8 38. Kd2 Rd8+ 39. Kc3 Rd3+ 40.
Kb4 Nd7 41. Ra7 Rd1 42. Rxa6 Nxb6 43. axb6 Rd2 44. Kc3 Rd1 45. Ra2 Rd8 46. Kc4
1-0

[Event "Mechanics' Peter Grey TNM; 30/90, SD/30"]
[Site "San Francisco"]
[Date "2010.09.07"]
[Round "6.9"]
[White "Wang, Yuan"]
[Black "Jones, James"]
[Result "1-0"]
[WhiteElo "1909"]
[BlackElo "2094"]
[PlyCount "89"]
[EventDate "2010.??.??"]

1. e4 c5 2. Nc3 g6 3. f4 Bg7 4. Nf3 Nc6 5. Bb5 Nd4 6. Bd3 e6 7. b3 Ne7 8. Bb2
O-O 9. O-O b5 10. e5 Nxf3+ 11. Qxf3 c4 12. Be4 (12. Qxa8 Qb6+ 13. Kh1 Bb7 14.
Qxf8+ Kxf8 $11) 12... Rb8 13. bxc4 bxc4 14. Ba3 Re8 15. Bd6 Rb6 16. Bc5 Ra6 17.
Qe2 Qc7 18. Qxc4 Ra5 19. Nb5 Qb8 20. Nd6 Ba6 21. Qb4 Qxb4 22. Bxb4 Ra4 23. Nxe8
Rxb4 24. Rfe1 d5 25. exd6 Bxa1 26. dxe7 Bd4+ 27. Kh1 Bb5 28. Nd6 f5 29. c3 Bf2
30. Rc1 Rxe4 31. Nxb5 Kf7 32. Nd6+ Kxe7 33. Nxe4 fxe4 34. g3 e3 35. dxe3 Bxe3
36. Rd1 h5 37. Kg2 g5 38. fxg5 Bxg5 39. Kf3 Bf6 40. c4 Be5 41. Ke4 Bd6 42. Rb1
Bc5 43. Ke5 Bd6+ 44. Kd4 h4 45. c5 1-0

[Event "Mechanics' Peter Grey TNM; 30/90, SD/30"]
[Site "San Francisco"]
[Date "2010.08.10"]
[Round "2.18"]
[White "Wang, Yuan"]
[Black "Montoya, Daniel"]
[Result "1-0"]
[WhiteElo "1909"]
[BlackElo "1483"]
[PlyCount "55"]
[EventDate "2010.??.??"]

1. e4 e5 2. Nf3 Nc6 3. Bb5 f5 4. d3 fxe4 5. dxe4 Nf6 6. O-O Bc5 7. Nc3 O-O 8.
Bg5 d6 9. Nd5 Bg4 10. c3 Rc8 11. b4 Bb6 12. a4 a6 13. Bxc6 bxc6 14. Nxf6+ gxf6
15. Bh6 Rf7 16. Qd3 Kh8 17. a5 Ba7 18. Qxa6 Ra8 19. Qxc6 Bxf3 20. gxf3 Qg8+ 21.
Kh1 Qd8 22. f4 exf4 23. Rad1 f3 24. Rd3 Re7 25. Rxf3 Re8 26. Qd5 Re5 27. Qf7
Rxe4 28. Qg7# 1-0

[Event "Mechanics' Peter Grey TNM; 30/90, SD/30"]
[Site "San Francisco"]
[Date "2010.08.24"]
[Round "4.9"]
[White "Wang, Yuan"]
[Black "Perepelitsky, Philipp"]
[Result "0-1"]
[WhiteElo "1909"]
[BlackElo "2099"]
[PlyCount "38"]
[EventDate "2010.??.??"]

1. e4 d6 2. f4 Nf6 3. Nc3 g6 4. Nf3 Bg7 5. Bc4 O-O 6. d4 Bg4 7. h3 Bxf3 8. Qxf3
Nc6 9. Be3 e5 10. fxe5 dxe5 11. d5 Nd4 12. Qf2 Ne8 13. O-O Nd6 14. Bd3 f5 15.
Qd2 Qh4 16. Bg5 Qg3 17. exf5 gxf5 18. Ne2 Nxe2+ 19. Bxe2 Ne4 0-1

[Event "Mechanics' Peter Grey TNM; 30/90, SD/30"]
[Site "San Francisco"]
[Date "2010.08.03"]
[Round "1.22"]
[White "Wheeler, Cameron"]
[Black "Cowgill, Jackie"]
[Result "1-0"]
[WhiteElo "1890"]
[BlackElo "902"]
[PlyCount "35"]
[EventDate "2010.??.??"]

1. e4 e5 2. Bc4 Qh4 3. d3 Nc6 4. Nf3 Qe7 5. O-O d6 6. Nc3 Nf6 7. Bg5 Bg4 8. Nd5
Qd7 9. Bxf6 Be7 10. Bxg7 Rg8 11. Bf6 Nd4 12. Kh1 O-O-O 13. Nxe7+ Kb8 14. Nxg8
Rxg8 15. c3 Nxf3 16. gxf3 Bh5 17. Bh4 Qh3 18. Bg3 1-0

[Event "Mechanics' Peter Grey TNM; 30/90, SD/30"]
[Site "San Francisco"]
[Date "2010.09.14"]
[Round "7.3"]
[White "Wheeler, Cameron"]
[Black "Fuentes, Romulo"]
[Result "0-1"]
[WhiteElo "1890"]
[BlackElo "2237"]
[PlyCount "48"]
[EventDate "2010.??.??"]

1. e4 c5 2. Nc3 e6 3. d3 Nc6 4. g3 Be7 5. Bg2 Nf6 6. f4 d5 7. e5 Nd7 8. h4 O-O
9. Nf3 f6 10. Bh3 d4 11. exf6 Nxf6 12. Ne4 e5 13. Nfg5 exf4 14. Be6+ Bxe6 15.
Nxe6 Qd5 16. Nxf4 Qe5 17. Qe2 Nxe4 18. dxe4 b5 19. O-O c4 20. Kg2 Bd6 21. Bd2
Rae8 22. Rae1 Nb4 23. c3 d3 24. Qg4 Nc2 0-1

[Event "Mechanics' Peter Grey TNM; 30/90, SD/30"]
[Site "San Francisco"]
[Date "2010.08.17"]
[Round "3.20"]
[White "Wheeler, Cameron"]
[Black "Sinick, Jeff"]
[Result "1-0"]
[WhiteElo "1890"]
[BlackElo "1249"]
[PlyCount "57"]
[EventDate "2010.??.??"]

1. e4 d5 2. exd5 Qxd5 3. Nc3 Qa5 4. d4 Nf6 5. Nf3 Bg4 6. h3 Bh5 7. Bd2 c6 8.
Bc4 e6 9. Qe2 Qc7 10. O-O-O Bb4 11. Kb1 a5 12. g4 Bg6 13. Ne5 Nbd7 14. Nxd7
Qxd7 15. f4 O-O 16. h4 Bxc3 17. Bxc3 Be4 18. Rhg1 Bd5 19. Bd3 Qc7 20. Bd2 Qb6
21. c4 c5 22. cxd5 Nxd5 23. dxc5 Qxc5 24. Qe4 Nf6 25. Qe3 Qxe3 26. Bxe3 Nd5 27.
Bc1 a4 28. Be4 Rfd8 29. Rd4 1-0

[Event "Mechanics' Peter Grey TNM; 30/90, SD/30"]
[Site "San Francisco"]
[Date "2010.08.31"]
[Round "5.8"]
[White "Wheeler, Cameron"]
[Black "Urquhart, Joe"]
[Result "1-0"]
[WhiteElo "1890"]
[BlackElo "2028"]
[PlyCount "73"]
[EventDate "2010.??.??"]

1. e4 c5 2. Nc3 Nc6 3. g3 Nf6 4. Bg2 e6 5. f4 d6 6. Nf3 Nd4 7. O-O a6 8. d3 Be7
9. Be3 Ng4 10. Bd2 O-O 11. Nxd4 cxd4 12. Qxg4 e5 13. Qe2 dxc3 14. Bxc3 f6 15.
Kh1 Be6 16. Rf2 Rc8 17. Qd2 Qc7 18. d4 Rfd8 19. d5 Bd7 20. h3 b6 21. Re1 Ra8
22. g4 a5 23. g5 b5 24. gxf6 Bxf6 25. fxe5 Bh4 26. e6 Be8 27. Ref1 Bxf2 28.
Qxf2 Bg6 29. e5 Rf8 30. exd6 Qxd6 31. Qd4 Rxf1+ 32. Bxf1 Qe7 33. d6 Qf8 34. Bg2
Kh8 35. Qxg7+ Qxg7 36. Bxa8 Qxc3 37. bxc3 1-0

[Event "Mechanics' Peter Grey TNM; 30/90, SD/30"]
[Site "San Francisco"]
[Date "2010.08.31"]
[Round "5.12"]
[White "Wong, Russell"]
[Black "Abraham, Renjish"]
[Result "1-0"]
[WhiteElo "2200"]
[BlackElo "1821"]
[PlyCount "49"]
[EventDate "2010.??.??"]

1. e4 c5 2. Nf3 d6 3. d4 cxd4 4. Nxd4 Nf6 5. Nc3 g6 6. Be3 Bg7 7. Be2 a6 8. g4
h5 9. g5 Ng4 10. Bxg4 Bxg4 11. f3 Bd7 12. Qd3 Nc6 13. Nxc6 Bxc6 14. Bd4 O-O 15.
Bxg7 Kxg7 16. O-O-O Qa5 17. Rhg1 Rad8 18. Kb1 f5 19. gxf6+ Rxf6 20. Rg3 Qe5 21.
Rdg1 Kh7 22. Rg5 Qxh2 23. e5 Rf5 24. Rxg6 Qf4 25. R6g5 1-0

[Event "Mechanics' Peter Grey TNM; 30/90, SD/30"]
[Site "San Francisco"]
[Date "2010.08.17"]
[Round "3.3"]
[White "Wong, Russell"]
[Black "Gaffagan, Steven"]
[Result "0-1"]
[WhiteElo "2200"]
[BlackElo "2040"]
[PlyCount "122"]
[EventDate "2010.??.??"]

1. d4 Nf6 2. g3 g6 3. Bg2 Bg7 4. e4 d6 5. Ne2 O-O 6. O-O c6 7. h3 Nbd7 8. f4 e5
9. dxe5 dxe5 10. f5 Qb6+ 11. Kh1 gxf5 12. exf5 Nd5 13. Bxd5 cxd5 14. Qxd5 Nf6
15. Qg2 Bd7 16. Kh2 Bc6 17. Qg1 Qc7 18. Nbc3 Kh8 19. g4 Rg8 20. Qf2 b5 21. a3
a5 22. g5 Nd7 23. Qh4 Bf8 24. Rg1 Qd6 25. Ne4 Bxe4 26. Qxe4 Rc8 27. Be3 Rc4 28.
Qd3 e4+ 29. Qxd6 Bxd6+ 30. Kh1 Bc5 31. Bxc5 Rxc5 32. Nd4 Ne5 33. Raf1 Rc4 34.
c3 b4 35. axb4 axb4 36. Rf4 bxc3 37. bxc3 Nd3 38. Rff1 Rxc3 39. h4 Ne5 40. Kg2
Rd8 41. Rd1 Nd3 42. Ne2 Rc2 43. Kf1 Rd5 44. Rg2 Rxf5+ 45. Kg1 Rf3 46. Ng3 Rxg2+
47. Kxg2 Nf4+ 48. Kh2 Kg7 49. Nxe4 Rh3+ 50. Kg1 Rxh4 51. Kf2 Ne6 52. Ke3 Rh3+
53. Kf2 Kg6 54. Rd6 Ra3 55. Nc5 Kf5 56. Nxe6 fxe6 57. Kg2 Ra2+ 58. Kg3 Ra3+ 59.
Kh4 Ra1 60. Rb6 Rh1+ 61. Kg3 Rh5 0-1

[Event "Mechanics' Peter Grey TNM; 30/90, SD/30"]
[Site "?"]
[Date "2010.08.03"]
[Round "1.26"]
[White "Yamamoto, Craig"]
[Black "Wang, Yuan"]
[Result "1-0"]
[WhiteElo "1577"]
[BlackElo "1909"]
[PlyCount "57"]
[EventDate "2010.09.28"]

1. c4 Nf6 2. d4 g6 3. Nf3 Bg7 4. Nc3 d5 5. e3 O-O 6. h3 c5 7. dxc5 Qa5 8. Bd2
Qxc5 9. Qb3 dxc4 10. Qxc4 Qb6 11. Be2 Be6 12. Qb5 Qc7 13. Rc1 Nc6 14. O-O a6
15. Qc5 b6 16. Qg5 Rfd8 17. Rfd1 h6 18. Qh4 g5 19. Qa4 b5 20. Qc2 Nb4 21. Qb1
Qb7 22. Nd4 Qd7 23. a3 Nbd5 24. Nxd5 Bxd5 25. Bf3 Rac8 26. Bxd5 Nxd5 27. Ba5
Re8 28. Rxc8 Rxc8 29. Nf5 1-0

[Event "Mechanics' Peter Grey TNM; 30/90, SD/30"]
[Site "San Francisco"]
[Date "2010.08.17"]
[Round "3.10"]
[White "Zavadsky, Peter"]
[Black "Chernobilskiy, Mikhail"]
[Result "1-0"]
[WhiteElo "2251"]
[BlackElo "1845"]
[PlyCount "91"]
[EventDate "2010.??.??"]

1. c4 f5 2. Nf3 Nf6 3. g3 g6 4. Bg2 Bg7 5. O-O O-O 6. d4 d6 7. Nc3 Qe8 8. d5
Na6 9. Nd4 Nc5 10. b4 Nce4 11. Nxe4 Nxe4 12. Bb2 e5 13. Nb3 Bd7 14. Qc2 Nf6 15.
Rac1 g5 16. e3 f4 17. exf4 gxf4 18. Nd2 Qh5 19. f3 Bh6 20. Rce1 Rae8 21. Ne4
Re7 22. Nxf6+ Rxf6 23. g4 Qh4 24. Bd4 Rg6 25. Bf2 Qf6 26. Bxa7 Bf8 27. Kh1 Reg7
28. Bg1 Be7 29. Rf2 Qf8 30. Bf1 Bh4 31. Bd3 Bxf2 32. Bxf2 Rf6 33. Rg1 h6 34. a4
Be8 35. Bh4 Rff7 36. Bf5 Rxf5 37. gxf5 Bd7 38. f6 Rxg1+ 39. Kxg1 Qf7 40. a5 Kf8
41. b5 Ke8 42. a6 bxa6 43. bxa6 Bc8 44. a7 Bb7 45. Qf5 c6 46. a8=Q+ 1-0

[Event "Mechanics' Peter Grey TNM; 30/90, SD/30"]
[Site "San Francisco"]
[Date "2010.09.14"]
[Round "7.2"]
[White "Zavadsky, Peter"]
[Black "Manvelyan, Hayk"]
[Result "1-0"]
[WhiteElo "2251"]
[BlackElo "2151"]
[PlyCount "95"]
[EventDate "2010.??.??"]

1. d4 d5 2. c4 e6 3. Nc3 Nf6 4. Bg5 Nbd7 5. e3 c6 6. Nf3 Qa5 7. cxd5 Nxd5 8.
Qd2 Bb4 9. Rc1 N7b6 10. e4 Nxc3 11. bxc3 Ba3 12. Rb1 O-O 13. Bd3 f6 14. Be3 Nd7
15. O-O b6 16. Bc4 Re8 17. d5 Nf8 18. dxc6 Ba6 19. Qe2 Bxc4 20. Qxc4 Rac8 21.
Nd4 Bd6 22. f4 Qc5 23. Qe2 Bb8 24. Rb5 Qxc3 25. Rc1 Qa3 26. Rb3 Qe7 27. Rd3 e5
28. Nf5 Qe6 29. Qg4 Ng6 30. Rd7 Rc7 31. Nh6+ gxh6 32. f5 Qxa2 33. fxg6 Kh8 34.
gxh7 Rxd7 35. cxd7 Rd8 36. Qg6 Qe6 37. Rc8 Rxc8 38. Qxf6+ (38. dxc8=Q+ {
wins outright}) 38... Qxf6 39. dxc8=Q+ Kxh7 40. Qxb8 Qe7 41. h3 Kg7 42. Kh2 h5
43. Qc8 b5 44. Qf5 b4 45. Qxh5 b3 46. Bh6+ Kg8 47. Qg6+ Kh8 48. Bg5 1-0

[Event "Mechanics' Peter Grey TNM; 30/90, SD/30"]
[Site "San Francisco"]
[Date "2010.08.31"]
[Round "5.2"]
[White "Zavadsky, Peter"]
[Black "Perepelitsky, Edward"]
[Result "1-0"]
[WhiteElo "2251"]
[BlackElo "2109"]
[PlyCount "95"]
[EventDate "2010.??.??"]

1. d4 Nf6 2. c4 g6 3. Nc3 Bg7 4. e4 d6 5. f3 O-O 6. Be3 c5 7. dxc5 dxc5 8. Qxd8
Rxd8 9. Bxc5 Nc6 10. Nd5 Nd7 11. Ba3 Nde5 12. f4 Ng4 13. Nf3 e5 14. h3 Nf6 15.
Nxe5 Nxe5 16. fxe5 Nxe4 17. Be7 Re8 18. O-O-O Nf2 19. Bd3 Nxh1 20. Rxh1 Be6 21.
Nf6+ Bxf6 22. exf6 Bxc4 23. Bxc4 Rac8 24. b3 b5 25. Rd1 bxc4 26. b4 Rc7 27. Kc2
Rcxe7 28. fxe7 Rxe7 29. Kc3 Re2 30. Rd2 Rxd2 31. Kxd2 f5 32. Kc3 g5 33. Kxc4
Kf7 34. Kd4 Ke6 35. a4 Kd6 36. b5 h5 37. a5 h4 38. b6 axb6 39. axb6 g4 40. Ke3
Kc6 41. Kf4 Kxb6 42. hxg4 fxg4 43. Kxg4 Kc6 44. Kxh4 Kd6 45. Kg5 Ke7 46. Kg6
Kf8 47. g4 Kg8 48. g5 1-0

[Event "Mechanics' Peter Grey TNM; 30/90, SD/30"]
[Site "San Francisco"]
[Date "2010.08.03"]
[Round "1.2"]
[White "Zavadsky, Peter"]
[Black "Sherwood, Peter"]
[Result "1-0"]
[WhiteElo "2251"]
[BlackElo "1801"]
[PlyCount "55"]
[EventDate "2010.??.??"]

1. Nf3 Nf6 2. g3 e6 3. Bg2 Be7 4. O-O O-O 5. d3 d6 6. e4 Nbd7 7. Re1 Rb8 8. d4
e5 9. c3 b6 10. a4 Bb7 11. Nbd2 c5 12. d5 Qc7 13. Nc4 Ba6 14. Bf1 Bc8 15. Nh4
Re8 16. Nf5 Nf8 17. g4 Kh8 18. g5 Ng8 19. f4 Bxf5 20. exf5 exf4 21. Bxf4 f6 22.
g6 h6 23. Qh5 Nd7 24. Rxe7 Rxe7 25. Nxd6 Ne5 26. Nf7+ Rxf7 27. gxf7 Qxf7 28.
Qxf7 1-0

[Event "Mechanics' Fall TNM; 30/90, SD/30"]
[Site "San Francisco"]
[Date "2010.11.03"]
[Round "3.19"]
[White "Abraham, Renjish"]
[Black "Capdeville, Barry"]
[Result "1-0"]
[WhiteElo "1821"]
[BlackElo "1298"]
[PlyCount "53"]
[EventDate "2010.??.??"]

1. d4 Nf6 2. c4 c5 3. d5 d6 4. Nc3 e5 5. e4 Be7 6. f4 exf4 7. Bxf4 Nbd7 8. Nf3
O-O 9. Bd3 Ng4 10. O-O Nge5 11. Nxe5 Nxe5 12. Bxe5 dxe5 13. Be2 g6 14. Qd3 a6
15. Rad1 Qd6 16. Qf3 f6 17. Qg3 Bd7 18. Rf2 f5 19. exf5 Bxf5 20. Bf3 Bf6 21.
Be4 Bxe4 22. Nxe4 Qd8 23. Rdf1 Bg7 24. Rxf8+ Bxf8 25. Qxe5 Bg7 26. Qe6+ Kh8 27.
Nd6 1-0

[Event "Mechanics' Fall TNM; 30/90, SD/30"]
[Site "San Francisco"]
[Date "2010.12.14"]
[Round "9.9"]
[White "Abraham, Renjish"]
[Black "Margulis, Igor"]
[Result "0-1"]
[WhiteElo "1821"]
[BlackElo "2100"]
[PlyCount "114"]
[EventDate "2010.??.??"]

1. d4 g6 2. c4 Bg7 3. Nc3 c5 4. d5 Bxc3+ 5. bxc3 f5 6. Nf3 Nf6 7. Bh6 Qa5 8.
Qc2 d6 9. h3 Nbd7 10. e3 a6 11. Bd3 b5 12. Bg7 Rg8 13. Bxf6 Nxf6 14. O-O Bd7
15. cxb5 axb5 16. c4 b4 17. Nd2 Qa3 18. Qb3 Kf7 19. e4 fxe4 20. Nxe4 Nxe4 21.
Bxe4 Qxb3 22. axb3 Ra3 23. Rab1 Ra2 24. Rfe1 Rga8 25. g4 R8a3 26. Kf1 h5 27.
Bf3 Rc2 28. Re2 Rc3 29. Re3 Ra2 30. Rxc3 bxc3 31. Rc1 hxg4 32. Bxg4 Bxg4 33.
hxg4 c2 34. f4 Rb2 35. Kf2 Kf6 36. Ke2 g5 37. fxg5+ Kxg5 38. Kd2 Rxb3 39. Kxc2
Rg3 40. Re1 Rxg4 41. Kd3 Rg3+ 42. Kc2 Kf6 43. Re6+ Kf7 44. Re4 Rf3 45. Kb2 Rf6
46. Kc3 Rh6 47. Rf4+ Ke8 48. Re4 Kd7 49. Kd3 Rg6 50. Kc3 e5 51. dxe6+ Rxe6 52.
Rxe6 Kxe6 53. Kd3 Kf5 54. Kc3 Ke5 55. Kd3 Kf5 56. Ke3 Ke5 57. Kd3 Kf4 0-1